Разработка антикоррозионного полимерного покрытия на основе полиакриламида и наночастиц оксида цинка; Современные проблемы машиностроения

Detalles Bibliográficos
Parent link:Современные проблемы машиностроения.— 2024.— С. 310-312
Autor Principal: Чжун Х.
Outros autores: Шевченко И. Н. Иван Николаевич, Лямина Г. В. Галина Владимировна
Summary:Текстовый файл
Idioma:ruso
Publicado: 2024
Subjects:
Acceso en liña:http://earchive.tpu.ru/handle/11683/85202
Formato: Electrónico Capítulo de libro
KOHA link:https://koha.lib.tpu.ru/cgi-bin/koha/opac-detail.pl?biblionumber=679506

MARC

LEADER 00000naa2a2200000 4500
001 679506
005 20250411122343.0
090 |a 679506 
100 |a 20250403d2024 k||y0rusy50 ca 
101 0 |a rus 
102 |a RU 
135 |a drbn ---uucaa 
200 1 |a Разработка антикоррозионного полимерного покрытия на основе полиакриламида и наночастиц оксида цинка  |f Чжун Х., Шевченко И. Н., Лямина Г.В. 
320 |a Список литературы: 5 назв 
336 |a Текстовый файл 
463 1 |0 679118  |9 679118  |t Современные проблемы машиностроения  |o сборник статей XVII Международной научно-технической конференции, г. Томск, 25–29 ноября 2024 г.  |f Национальный исследовательский Томский политехнический университет (ТПУ) ; ред. кол. А. И. Сечин, М. С. Кухта, Е. Н. Пашков [и др.]  |c Томск  |n Изд-во ТПУ  |d 2024  |u conference_tpu-2024-C45.pdf  |v С. 310-312 
545 1 |a Материаловедение и нанотехнологии в машиностроении  
610 1 |a труды учёных ТПУ 
610 1 |a электронный ресурс 
610 1 |a коррозия стали 
610 1 |a защитные полимерные покрытия 
610 1 |a антикоррозионные покрытия 
700 1 |a Чжун  |b Х. 
701 1 |a Шевченко  |b И. Н.  |c специалист в области материаловедения  |c инженер Томского политехнического университета  |f 1997-  |g Иван Николаевич  |9 22888 
701 1 |a Лямина  |b Г. В.  |c химик  |c доцент Томского политехнического университета, кандидат химических наук  |f 1974-  |g Галина Владимировна  |9 14680 
801 0 |a RU  |b 63413507  |c 20250403 
850 |a 63413507 
856 4 |u http://earchive.tpu.ru/handle/11683/85202  |z http://earchive.tpu.ru/handle/11683/85202 
942 |c CF